000 00591nam a2200193Ia 4500
003 GCL
008 140319s9999 xx 000 0 ara d
040 _aGCL /
_cGCL
082 0 4 _a810.96
_bش ع
100 1 _aشوقى ضيف
245 1 0 _aعصر الدول والامارات: الاندلس /
_cشوقى ضيف
260 _aالقاهرة :
_bدار المعارف ،
_c1989
300 _a550 ص ؛
_c24 سم
490 _aتاريخ الادب العربى
_v7
650 0 4 _aالادب العربى
650 0 4 _aالاندلس
650 0 4 _aتاريخ ونقد
942 _2ddc
_cBK
999 _c27601
_d27601